[Event "NIC Classic KO 2021"]
[Site "chess24.com INT"]
[Date "2021.05.01"]
[Round "3.12"]
[White "Aronian, Levon"]
[Black "Mamedyarov, Shakhriyar"]
[Result "0-1"]
[WhiteTitle "GM"]
[BlackTitle "GM"]
[WhiteElo "2781"]
[BlackElo "2770"]
[WhiteFideId "13300474"]
[BlackFideId "13401319"]
[EventDate "2021.04.27"]

1. e4 c5 2. Nf3 e6 3. d4 cxd4 4. Nxd4 Nf6 5. Nc3 Nc6 6. Nxc6 bxc6 7. e5 Nd5 8.
Ne4 Qc7 9. f4 Rb8 10. a3 Qb6 11. Qf3 Be7 12. c4 f5 13. Nd2 Ne3 14. Bd3 g5 15. g3
gxf4 16. gxf4 Rg8 17. Nf1 Ng2+ 18. Ke2 Qd4 19. Ng3 Rxb2+ 20. Bxb2 Qxb2+ 21. Kf1
Nh4 0-1

[Event "NIC Classic KO 2021"]
[Site "chess24.com INT"]
[Date "2021.05.01"]
[Round "3.13"]
[White "Mamedyarov, Shakhriyar"]
[Black "Aronian, Levon"]
[Result "0-1"]
[WhiteTitle "GM"]
[BlackTitle "GM"]
[WhiteElo "2770"]
[BlackElo "2781"]
[WhiteFideId "13401319"]
[BlackFideId "13300474"]
[EventDate "2021.04.27"]

1. Nf3 d5 2. g3 Nf6 3. Bg2 g6 4. c4 dxc4 5. Qa4+ Nfd7 6. Qxc4 Bg7 7. O-O Nc6 8.
d4 Nb6 9. Qc2 O-O 10. Rd1 Bf5 11. Qd2 Qc8 12. Nc3 Rd8 13. Qf4 h6 14. h4 a5 15.
a3 Bc2 16. Rd2 Bb3 17. Rd3 Bc4 18. Rd1 Nxd4 19. Rxd4 Rxd4 20. Nxd4 e5 21. Nf5
Qxf5 22. Qxf5 gxf5 23. Bxb7 Rd8 24. Be3 e4 25. Rc1 Bxc3 26. Rxc3 Bxe2 27. Rxc7
Rd1+ 28. Kh2 Nc4 29. g4 Nxe3 30. fxe3 Bxg4 31. b4 axb4 32. axb4 f4 0-1

[Event "NIC Classic KO 2021"]
[Site "chess24.com INT"]
[Date "2021.05.01"]
[Round "3.14"]
[White "Aronian, Levon"]
[Black "Mamedyarov, Shakhriyar"]
[Result "0-1"]
[WhiteTitle "GM"]
[BlackTitle "GM"]
[WhiteElo "2781"]
[BlackElo "2770"]
[WhiteFideId "13300474"]
[BlackFideId "13401319"]
[EventDate "2021.04.27"]

1. d4 Nf6 2. Nf3 g6 3. g3 Bg7 4. Bg2 O-O 5. O-O d6 6. a4 Nbd7 7. a5 c5 8. c4 b6
9. axb6 Qxb6 10. Nc3 Rb8 11. Ra3 a6 12. d5 Ng4 13. Qc2 Nde5 14. Nd2 f5 15. e3
Qd8 16. Ne2 g5 17. f4 Nf7 18. Nf3 h6 19. b3 e5 20. dxe6 Bxe6 21. h3 Nf6 22. Rxa6
Ne4 23. Nd2 Nf6 24. Bb2 Re8 25. e4 Bc8 26. Raa1 fxe4 27. fxg5 Nxg5 28. h4 Nh3+
29. Kh1 Qe7 30. Rae1 Ng4 31. Nf4 Ngf2+ 32. Kh2 Ng4+ 33. Kh1 Nhf2+ 34. Kg1 Bb7
35. Re2 e3 36. Nd5 Qf7 37. Ne4 Bxd5 38. Nxd6 Bxg2 39. Kxg2 Qe6 40. Rfxf2 Nxf2
41. Rxe3 Qxd6 0-1

[Event "NIC Classic KO 2021"]
[Site "chess24.com INT"]
[Date "2021.05.02"]
[Round "3.21"]
[White "Aronian, Levon"]
[Black "Mamedyarov, Shakhriyar"]
[Result "0-1"]
[WhiteTitle "GM"]
[BlackTitle "GM"]
[WhiteElo "2781"]
[BlackElo "2770"]
[WhiteFideId "13300474"]
[BlackFideId "13401319"]
[EventDate "2021.04.27"]

1. e4 e5 2. Nf3 Nc6 3. Bb5 a6 4. Ba4 Nf6 5. d3 b5 6. Bb3 Bc5 7. Bg5 h6 8. Bh4
Be7 9. a4 Rb8 10. O-O d6 11. Nbd2 O-O 12. c3 Na5 13. Ba2 c5 14. Re1 Qc7 15. b4
cxb4 16. cxb4 Nc6 17. Rc1 Qd7 18. Rb1 Nh5 19. Bxe7 Qxe7 20. Nf1 Nf4 21. Ne3 Qf6
22. h4 bxa4 23. g3 Be6 24. Bxe6 fxe6 25. gxf4 Qxf4 26. Nh2 Qxf2+ 27. Kh1 Rxb4
28. Neg4 Qxh4 29. Rg1 Rxb1 30. Qxb1 Nd4 31. Qb7 Ne2 32. Ra1 h5 33. Qd7 hxg4 34.
Qxe6+ Kh8 35. Qxg4 Qxg4 36. Nxg4 Rf1+ 37. Rxf1 Ng3+ 38. Kg2 Nxf1 39. Kxf1 a3 40.
Ne3 a2 41. Nc2 Kg8 42. Ke2 Kf7 43. Kd2 Kf6 44. Kc3 Kg5 45. Kb2 Kf4 46. Kxa2 g5
47. Kb3 g4 48. Kc4 g3 49. Ne1 Ke3 50. Ng2+ Kf2 51. Nh4 g2 52. Nxg2 Kxg2 53. Kd5
a5 54. Kxd6 a4 0-1

[Event "NIC Classic KO 2021"]
[Site "chess24.com INT"]
[Date "2021.05.02"]
[Round "3.23"]
[White "Aronian, Levon"]
[Black "Mamedyarov, Shakhriyar"]
[Result "0-1"]
[WhiteTitle "GM"]
[BlackTitle "GM"]
[WhiteElo "2781"]
[BlackElo "2770"]
[WhiteFideId "13300474"]
[BlackFideId "13401319"]
[EventDate "2021.04.27"]

1. e4 e5 2. Nf3 Nc6 3. Bb5 a6 4. Ba4 Nf6 5. d3 b5 6. Bb3 Bc5 7. Bg5 h6 8. Bh4
Be7 9. a4 Rb8 10. O-O d6 11. Nbd2 O-O 12. Re1 Na5 13. Ba2 bxa4 14. c3 Bd7 15.
Qc2 Nh5 16. Bg3 Rb6 17. Nf1 Nb3 18. Rad1 Be6 19. Ne3 Nd4 20. cxd4 Bxa2 21. Rc1
Nxg3 22. hxg3 exd4 23. Nxd4 c5 24. Ndf5 Bb3 25. Nxe7+ Qxe7 26. Qc3 Be6 27. d4
Rb3 28. Qd2 Rfb8 29. Rc2 cxd4 30. Qxd4 R8b4 31. Qd2 Rxe4 32. Rd1 Reb4 33. Qc1
Rb8 34. Rd4 a3 35. Nd5 Bxd5 0-1